Responses for Show #8864 - Thursday, May 4, 2023

Hannah Wilson game 2.

Contestants

[<< previous game]

Marie Claude Dussault, a translator and editor from Montreal, Quebec, Canada

Warren Grace, a croupier from Lanham, Maryland

Hannah Wilson, a data scientist from Chicago, Illinois (whose 1-day cash winnings total $25,800)

[next game >>]

Jeopardy! Round responses

PHRASING
FLORIDA PLACES
A BIBLE THUMPIN'
U.S. FACTS & FIGURES
MAGAZINES IN OTHER WORDS
ATHLETES NAMED FOR
    $200 11
starch

Warren
    $200 7
Miami

Warren
    $200 26
Cain & Abel

Hannah
    $200 1
a roller coaster

Hannah
    $200 3
People

Hannah
    $200 16
(Jackie Joyner) Kersee

Warren
    $400 12
backhand

Hannah
    $400 8
Canaveral

Hannah
    $400 27
David

Hannah
    $400 2
the SAT

Warren
    $400 21
Elle

Warren
    $400 17
Mays

Triple Stumper
    $600 13
the gravy train

Hannah
    $3,000 9
the Everglades

Hannah
    $600 28
Sodom & Gomorrah

Marie Claude
    $600 4
(Warren: What is Vietnam?)
(Marie Claude: What is Afghanistan?)

World War II

HannahWarrenMarie Claude
    $600 22
Good Housekeeping

Hannah
    $600 18
Walton

Warren
    $800 15
that's how the cookie crumbles

Warren
    $800 10
St. Augustine

Marie Claude
    $800 29
Samson

Hannah
    $800 5
kidneys

Hannah
    $800 23
Cosmopolitan

Hannah
    $800 19
Ricky Nelson

Warren
    $1000 25
a shaggy dog story

Hannah
    $1000 14
Fort Lauderdale

Hannah
    $1000 30
Second Corinthians

Triple Stumper
    $1000 6
Pine Bluff

Hannah
    $1000 24
The Atlantic

Hannah
    $1000 20
Grover Cleveland

Triple Stumper

Scores at the first commercial break (after clue 15):

Hannah Warren Marie Claude
$8,200 $1,000 $200

Scores at the end of the Jeopardy! Round:

Hannah Warren Marie Claude
$13,000 $3,000 $800

Double Jeopardy! Round responses

NOVEL COUNTRIES
(Mayim: You give us the country where the books are mainly set.)
THE TOWER OF LONDON
SCIENCE
A SPECIAL TRAIN CAR
21st CENTURY FILMS
ABBRE-V-ATIONS
    $400 1
Ireland

Hannah
    $400 28
the Bloody Tower

Hannah
    $400 29
sodium & chlorine

Hannah
    $400 30
a caboose

Warren
    $400 5
All Quiet on the Western Front

Hannah
    $400 22
a video display terminal

Triple Stumper
    $800 9
Germany

Triple Stumper
    $800 16
Elizabeth I

Triple Stumper
    $800 27
seismic waves

Triple Stumper
    $800 13
(Hannah: What is New York?)

Georgia

Hannah
Triple Stumper
    $800 17
Wet Hot American Summer

Hannah
    $800 23
[Both instances of "fib" were shown in lowercase in the clue.]
(Warren: What is ventrial fibrillation?)

ventricular (fibrillation)

HannahWarren
    $1200 8
India

Hannah
    $1200 15
Beefeaters

Marie Claude
    $5,000 2
Fortran

Hannah
    $6,000 12
(George) Pullman

Hannah
    $1200 18
(Austin) Butler

Hannah
    $1200 24
the Victoria Cross

Hannah
    $1600 6
Nigeria

Hannah
    $1600 14
Henry

Triple Stumper
    $1600 3
refraction

Hannah
    $1600 10
(Hannah: What's a bubble?)

a dome car

Hannah
Triple Stumper
    $1600 19
Scott Pilgrim vs. the World

Marie Claude
    $1600 25
Vanuatu

Hannah
    $2000 7
New Zealand

Triple Stumper
    $2000 21
the Peasants' Revolt

Triple Stumper
    $2000 4
(Hannah: What is conductivity?)

capacitance

HannahWarren
    $2000 11
the Ringlings (the Ringling Family)

Hannah
    $2000 20
Bill Nighy

Hannah
    $2000 26
Vulgar Latin

Marie Claude

Scores at the end of the Double Jeopardy! Round:

Hannah Warren Marie Claude
$35,200 $4,600 $5,600
(lock game)

[wagering suggestions for these scores]

Final Jeopardy! Round responses

BODIES OF WATER
WarrenWhat is the Cook Strait?
$4,500
Marie ClaudeWhat is the Bering Strait?
$2,601
HannahWhat is the Bering Strait?
$10,000
the Bering Strait

Final scores:

Hannah Warren Marie Claude
$45,200 $100 $8,201
2-day champion: $71,000 3rd place: $1,000 2nd place: $2,000

Game dynamics:

Coryat scores:

Hannah Warren Marie Claude
$24,200 $4,600 $5,600
33 R
(including 3 DDs),
3 W
10 R,
2 W
5 R,
1 W

Combined Coryat: $34,400

[game clues] [game scores] [suggest correction]

Game tape date: 2023-02-27
The J! Archive is created by fans, for fans. Scraping, republication, monetization, and malicious use prohibited; this site may use cookies and collect identifying information. See terms. The Jeopardy! game show and all elements thereof, including but not limited to copyright and trademark thereto, are the property of Jeopardy Productions, Inc. and are protected under law. This website is not affiliated with, sponsored by, or operated by Jeopardy Productions, Inc. Join the discussion at JBoard.tv.